樺太西線の駅名 - Statistics

General Stats
  • This quiz has been taken 6 times
  • The average score is 16 of 30
Answer Stats
キロ程 乗換 駅名 % Correct
0.0 南樺太炭鉱鉄道 本斗
100%
47.3 真岡
100%
62.7 蘭泊
100%
137.2 王子泊居軌道 泊居
100%
44.2 豊真線 手井
75%
50.2 北真岡
75%
55.9 幌泊
75%
94.9 野田
75%
4.3 遠節
50%
11.3 阿幸
50%
16.4 麻内
50%
21.4 知根平
50%
25.4 多蘭泊
50%
31.0 大穂泊
50%
34.6 広地
50%
39.9 明牛
50%
66.5 藻白帆
50%
73.5 羽母舞
50%
79.6 小能登呂
50%
158.0 樺太名寄
50%
170.1 久春内
50%
60.6 楽磨
25%
84.1 仁多須
25%
89.8 登富津
25%
100.2 久良志
25%
110.2 小岬
25%
121.2 追手
25%
128.8 杜門
25%
147.9 苫虫
25%
168.4 上久春内
25%
No matching quizzes found
Score Distribution
Percent of People with Each Score
Percentile by Number Answered
Your Score History
You have not taken this quiz